Το εργασιακό περιβάλλον : συμβολή στην αναβάθμιση της οικολογικής σημασίας του

Αποθηκεύτηκε σε:
Λεπτομέρειες βιβλιογραφικής εγγραφής
Κύριος συγγραφέας: Δουκάκης, Ντάντης-Λάζαρος, 1957-
Μορφή: Βιβλίο
Γλώσσα:Greek
Δημοσίευση: [Αθήνα] : Γενική Γραμματεία Νέας Γενιάς, 1988
Θέματα:
Ετικέτες: Προσθήκη ετικέτας
Δεν υπάρχουν, Καταχωρήστε ετικέτα πρώτοι!

MARC

LEADER 00000nam a2200000 i 4500
001 1/84816
008 970319s1988 gre d
035 |a 1991  |b 3  |c Δωρεά  |l 10034536 
040 |a GR-MY-UA  |b gre  |e aacr 
041 0 |a gre 
082 0 |a 331.25 
100 1 |a Δουκάκης, Ντάντης-Λάζαρος,   |d 1957- 
245 1 3 |a Το εργασιακό περιβάλλον :  |b συμβολή στην αναβάθμιση της οικολογικής σημασίας του /  |c Ντάντης-Λάζαρος Δουκάκης 
260 |a [Αθήνα] :   |b Γενική Γραμματεία Νέας Γενιάς,   |c 1988 
300 |a 37 σ. 
650 0 0 |a Work environment. 
852 |a INST  |b RHODES  |e 19970319  |h 331.25 ΔΟΥ  |p 005400010513  |q 005400010513  |t BK  |y 0 
909 |a Ρ  |b 020629  |c 1991 
970 |z 2000/08/ΔΕΜΕΝΑΓΑΣ ΠΕΤΡΟΣ